| 000 | 00000nas 2200000zi 4500 |
| 001 | 9.896820 |
| 003 | CaOODSP |
| 005 | 20240402093704 |
| 006 | m o d f |
| 007 | cr ||||||||||| |
| 008 | 210223d19831986oncar p os f0###b0fre|d |
| 040 | |aCaOODSP|bfre|erda|cCaOODSP |
| 043 | |an-cn--- |
| 086 | 1 |aC1-35F-PDF |
| 245 | 00|aRapport de l'industrie canadienne de l'automobile ... |
| 246 | 3 |iLes livraisons 1985-1986 comportent le titre : |aRapport sur l'industrie canadienne de l'automobile |
| 264 | 1|aOttawa : |bGouvernement du Canada, Expansion industrielle régionale = Government of Canada, Regional Industrial Expansion, |c[1983-1986] |
| 310 | |aAnnual |
| 336 | |atexte|btxt|2rdacontent/fre |
| 337 | |ainformatique|bc|2rdamedia/fre |
| 338 | |aressource en ligne|bcr|2rdacarrier/fre |
| 362 | 1 |aParaît depuis 1983 ; ne paraît plus après 1986? |
| 500 | |aÉdition numérisée de l'imprimé [par Innovation, Sciences et Développement économique Canada]. |
| 500 | |aPublié aussi en anglais sous le titre : Report on the Canadian automotive industry. |
| 588 | |aDescription d'après : 1983. |
| 588 | |aDernière livraison consultée : 1986. |
| 650 | 6|aAutomobiles|xIndustrie et commerce|vStatistiques|vPériodiques. |
| 655 | 7|aStatistiques|2rvmgf |
| 655 | 7|aPériodiques|2rvmgf |
| 710 | 1 |aCanada. |bMinistère de l'expansion industrielle régionale, |eOrganisme de publication. |
| 775 | 08|t... report on the Canadian automotive industry.|w(CaOODSP)9.896821 |